Регионална библиотека "Любен Каравелов" - Русе

Интелигенцията и нейната роля в обществото (Запис номер 155092)

MARC детайли
000 -Лидер
Контролно поле с фиксирана дължина 01800nam a2200361 a 4500
001 - Контролен номер на записа
Контролно поле 155092
003 - Код на организацията, давaща контролен номер
Контролно поле BLK
005 - Дата и час на последна редакция
Контролно поле 20250119004126.0
008 - Елементи от данни с фиксирана дължина
fixed length control field 180410b bul|||||r ||||||| ||bul||
010 ## - Наследен системен номер
LC control number KNG00161765000
020 ## - Международен стандартен номер на книга ISBN
Международен стандартен номер на книга ISBN 9544451331
040 ## - Източник на каталожния запис
Идентификатор на билиотеката - собственик на записа BLK
041 ## - Код за език
Код за езика на текст/звукозапис или на отделно заглавие Български
Код за езика КДБФ Български
080 ## - УДК
Текстов определител УДК Общество. Социална структура
УДК код - определител по УДК 316.3
УДК - код + определител 316.3
080 ## - УДК
Текстов определител УДК Интелигенция. Служещи. Администрация
УДК код - определител по УДК 316.343.652
УДК - код + определител 316.343.652
100 ## - Редна дума - Автор
Автор Сакъзов, Янко Иванов
Дати, свързани с автора 1860 - 1941
Автор - информация (биография) Български общественик, политик, публицист, един от лидерите на БРСДП (об.)
R(LIN) 369523
139 ## - Редно поле
Редна дума Сакъзов, Янко Иванов
Авторски знак Сак - С 14
245 10 - Сведения за заглавието
Заглавие Интелигенцията и нейната роля в обществото
Подзаглавни данни Избрани съчинения
Редно поле (дума) Янко Сакъзов ; състав. и предг. от Милен Куманов.
257 ## - Страна на издаване
Страна на създаване/издаване България
260 ## - Област на издателските данни
Място на издаване, разпространение и проч. София
Име на издателя, разпространителя и проч. Христо Ботев
Година на издаване 1993
Печатница София: ДФ Балканпрес
300 ## - Физическа характеристика
Страници 207 с.
Размери/Мащаб 20 см
380 ## - Жанр
Жанр Обществени науки
490 ## - СЕРИИ (Колекции)
Име на серия Социалдемократическа библиотека
600 #0 - Име на лице, използвано като предмет
За него / За нея Сакъзов, Янко Иванов
Свързани дати 1860 - 1941
Друга информация Български общественик, политик, публицист, един от лидерите на БРСДП (об.)
9 (RLIN) 369523
650 #0 - Допълнително описание по предмет – тема
Основно описание – тема или топоним България - история, нова
9 (RLIN) 241998
650 #4 - Допълнително описание по предмет – тема
Основно описание – тема или топоним Интелигенция - България
9 (RLIN) 263000
700 1# - Други автори (авторска отговорност)
Лично име Куманов, Милен
Автороска отговорност (Описва отношението между автора и произведението) състав. и предг. от
9 (RLIN) 363343
852 ## - Местоположение
Форматна сигнатура Цб 177077
Фондова буква Хранилище
856 4# - Електронен адрес и достъп
Електронен формат pdf - файл
856 4# - Електронен адрес и достъп
Електронен формат pdf - файл
942 ## - АРТИКУЛИ
Вид на библиотечния материал Книги
Скрит в OPAC Не
944 ## - СЪЗДАВАНЕ И РЕДАКЦИЯ на ЗАПИСА
Създаване/Редакция Създаване
Дата на регистрацията/редакция 07.06.2014
Статус, дата на статуса CRON CRON
Служител, извършил регистрацията/редакцията
999 ## - СИСТЕМНИ КОНТРОЛНИ НОМЕРА
Koha biblionumber 155092
Koha biblioitemnumber 155092
Наличности
Код за отписване Код за изгубен артикул Източник на класификационната схема Код за повреда Коз за рестрикции Код за отдаване Артикулен № Име на библиотеката - собственик Име на библиотеката, в която се намира в момента Статус (Текущо местоположение) Дата на вписване в системата Местоположение - отдел Цена в лева Инвентарен номер Систематично азбучна сигнатура Баркод Номер на екземпляра Цена в евро Служебна бележка Служебен тип на артикула
  Не е изгубен Universal Decimal Classification Не е повреден без рестрикции ползва се в читалня 259985 Регионална библиотека "Любен Каравелов" Русе Регионална библиотека "Любен Каравелов" Русе Хранилище 1993-01-01 Хранилище 35.00 595460 Цб 177077 120000595460 1 17.90 N: стар фонд Дата: 01.01.1993 Книги
Изтеглен Не е изгубен Universal Decimal Classification Не е повреден без рестрикции заемане за дома 259986 Регионална библиотека "Любен Каравелов" Русе Регионална библиотека "Любен Каравелов" Русе Заемна - подръчен фонд 1993-01-01 Заемна - подръчен фонд 2.45 599617 П 316.3/С 14 599617 2 1.25 N: стар фонд Дата: 01.01.1993 Дата инв: 02.02.2018 Бележки инв: П2018 Книги
Vip Innovations Ltd, Rousse, Bulgaria 2025